000 00734nam a2200253 a 4500
008
020 _a0073530220 (hbk.)
049 _aMAIN
090 _aHD31
_bJON
100 1 _aJones, Gareth R.
245 1 0 _aContemporary management /
_cGareth R. Jones [and] Jennifer M George.
250 _a5th ed.
260 _aBoston :
_bMcGraw-Hill Irwin,
_cc2008.
300 _axxxiii, 805 p. :
_bcol. ill. ;
_c27 cm.
504 _aIncludes bibliographical references.
500 _aIncludes index.
650 1 _aManagement.
700 _aGeorge, Jennifer M.
907 _a.b10292834
_b10-10-14
_c04-03-11
003
005 20230123125219.0
040 _cNUST
942 _cBOOKS
_kHD31
_mJON
999 _c137686
_d137686